Bệnh học nội khoa: Sách dùng đào tạo đại học Tập 1
Nội dung sách gồm các chương: Chương 1. Hô hấp; Chương 2. Tim mạch; Chương 3. Thận - Tiết niệu; Chương 4. Bệnh học người cao tuổi.
Tallennettuna:
| Muut tekijät: | , , , |
|---|---|
| Aineistotyyppi: | Kirja |
| Kieli: | Vietnamese |
| Julkaistu: |
H.
Y học
2022
|
| Painos: | Tái bản lần thứ 5 có sửa chữa và bổ sung |
| Aiheet: | |
| Tagit: |
Lisää tagi
Ei tageja, Lisää ensimmäinen tagi!
|
| Thư viện lưu trữ: | Thư viện Trường Đại học Nam Cần Thơ |
|---|
| LEADER | 01964aam a22003018a 4500 | ||
|---|---|---|---|
| 001 | NCT_145786 | ||
| 008 | 170908s2012 ||||||viesd | ||
| 999 | |c 7507 |d 7507 | ||
| 020 | |c 255000 |a 9786046655541 | ||
| 082 | 0 | 4 | |2 23rd ed. |a 616 |b B256H/T.1 |
| 245 | 0 | 0 | |a Bệnh học nội khoa: |b Sách dùng đào tạo đại học |n Tập 1 |c Đỗ Gia Tuyển ... [et al.] |
| 250 | |a Tái bản lần thứ 5 có sửa chữa và bổ sung | ||
| 260 | |a H. |b Y học |c 2022 | ||
| 300 | |a 711 tr. |b minh hoạ |c 27cm | ||
| 500 | |a ĐTTS ghi: Trường đại học Y Hà Nội | ||
| 520 | 3 | |a Nội dung sách gồm các chương: Chương 1. Hô hấp; Chương 2. Tim mạch; Chương 3. Thận - Tiết niệu; Chương 4. Bệnh học người cao tuổi. | |
| 653 | |a Dược học | ||
| 700 | 1 | |a Đỗ Gia Tuyển |e Chủ biên | |
| 700 | 1 | |a Ngô Quý Châu |e Chủ biên | |
| 700 | 1 | |a Phạm Mạnh Hùng |e Chủ biên | |
| 700 | 1 | |a Nguyễn Trung Anh |e Chủ biên | |
| 942 | |2 ddc |c BK | ||
| 952 | |0 0 |1 0 |2 ddc |4 0 |6 616_000000000000000_B256H_T_1 |7 0 |9 27023 |a 000001 |b 000001 |d 2023-03-29 |o 616 B256H/T.1 |p MD.21560 |r 2023-03-29 |v 255000.00 |w 2023-03-29 |y BK | ||
| 952 | |0 0 |1 0 |2 ddc |4 0 |6 616_000000000000000_B256H_T_1 |7 0 |9 27024 |a 000001 |b 000001 |d 2023-03-29 |o 616 B256H/T.1 |p MD.21561 |r 2023-03-29 |v 255000.00 |w 2023-03-29 |y BK | ||
| 952 | |0 0 |1 0 |2 ddc |4 0 |6 616_000000000000000_B256H_T_1 |7 0 |9 27025 |a 000001 |b 000001 |d 2023-03-29 |l 1 |o 616 B256H/T.1 |p MD.21562 |r 2023-04-14 |s 2023-04-12 |v 255000.00 |w 2023-03-29 |y BK | ||
| 952 | |0 0 |1 0 |2 ddc |4 0 |6 616_000000000000000_B256H_T_1 |7 0 |9 27026 |a 000001 |b 000001 |d 2023-03-29 |o 616 B256H/T.1 |p MD.21563 |r 2023-03-29 |v 255000.00 |w 2023-03-29 |y BK | ||
| 952 | |0 0 |1 0 |2 ddc |4 0 |6 616_000000000000000_B256H_T_1 |7 0 |9 27027 |a 000001 |b 000001 |d 2023-03-29 |l 1 |m 1 |o 616 B256H/T.1 |p MD.21564 |r 2023-04-26 |s 2023-04-10 |v 255000.00 |w 2023-03-29 |y BK | ||
| 980 | |a Thư viện Trường Đại học Nam Cần Thơ | ||


